00533nam a22001817a 4500003000400000005001700004008004100021020001500062050002300077082002800100245010000128260005400228300002000282521002100302526001600323541000600339562000600345OSt20140310182921.0130129t xxu||||| |||| 00| 0 eng d a9715500196 aJC311b.Sch86 2008 aFIL 959.904 bS392 2008 aThe Making of a nation cSchumacher, John N.bessays on nineteenth-century Filipino nationalism aManila bAteneo de Manila University Presscc2008 a269 p. c23 cm. acollege students c1210L-1700L j1 e1